№ 208 : Динамические задачи теории упругости. 5; Ученые записки [Ленинградского государственного университета]; О методах решения задач на распространение неустановившихся волн. Вопросы количественного изучения сейсмических волновых полей

Detalles Bibliográficos
Parent link:Ученые записки [Ленинградского государственного университета]: сборник статей/ Ленинградский государственный университет (ЛГУ). № 208 : Динамические задачи теории упругости. 5.— , 1937-1977
Autor Corporativo: Ленинградский государственный университет (ЛГУ) Научно-исследовательский институт математики и механики (НИИММ)
Outros autores: Михлин С. Г. (редактор)
Idioma:ruso
Publicado: 1956
TOC:О методах решения задач на распространение неустановившихся волн. Вопросы количественного изучения сейсмических волновых полей;
Series:Серия математических наук Вып. 30
Subjects:
Formato: MixedMaterials Libro
KOHA link:https://koha.lib.tpu.ru/cgi-bin/koha/opac-detail.pl?biblionumber=350376

MARC

LEADER 00000nam2a2200000 4500
001 350376
005 20231102010308.0
035 |a (RuTPU)RU\TPU\retro\4404 
035 |a RU\TPU\book\351542 
090 |a 350376 
100 |a 20190125d1956 k y0rusy50 ca 
101 0 |a rus 
102 |a RU 
105 |a a z 001zy 
200 0 |a № 208 : Динамические задачи теории упругости. 5  |f Ленинградский государственный университет (ЛГУ), Научно-исследовательский институт математики и механики (НИИММ) ; отв. ред. С. Г. Михлин 
210 |d 1956 
215 |a 223 с.  |c ил. 
225 1 |a Серия математических наук  |v Вып. 30 
320 |a Библиогр. в конце ст. 
461 1 |0 (RuTPU)RU\TPU\book\347780  |t Ученые записки [Ленинградского государственного университета]  |o сборник статей  |f Ленинградский государственный университет (ЛГУ)  |v № 208 : Динамические задачи теории упругости. 5  |d 1937-1977 
464 |t О методах решения задач на распространение неустановившихся волн. Вопросы количественного изучения сейсмических волновых полей 
606 1 |a Упругость, теория  |x Динамические задачи  |2 stltpush  |3 (RuTPU)RU\TPU\subj\63147  |9 80191 
610 1 |a изотропные среды 
610 1 |a волновые процессы 
610 1 |a возмущения 
610 1 |a полупространства 
610 1 |a симметрия 
610 1 |a смещения 
675 |a 539.3:51  |v 4 
702 1 |a Михлин  |b С. Г.  |4 340 
712 0 2 |a Ленинградский государственный университет (ЛГУ)  |b Научно-исследовательский институт математики и механики (НИИММ)  |2 stltpush  |3 (RuTPU)RU\TPU\col\8867 
801 1 |a RU  |b 63413507  |c 20161215 
801 2 |a RU  |b 63413507  |c 20190125  |g RCR 
942 |c BK